[Event "Menchik Memorial op"]
[Site "Maidstone"]
[Date "1994.10.??"]
[Round "5"]
[White "Reuben, Stewart"]
[Black "Lauterbach, Ingrid"]
[Result "1-0"]
[WhiteElo "2260"]
[BlackElo "2155"]
[PlyCount "77"]
[EventDate "1994.10.24"]
[EventType "swiss"]
[EventRounds "9"]
[EventCountry "ENG"]
[SourceTitle "BritBase"]
[Source "John Saunders"]
[SourceDate "2023.06.01"]
[SourceVersion "1"]
[SourceVersionDate "2023.06.01"]
[SourceQuality "1"]

1. d4 d6 2. g3 g6 3. Bg2 Bg7 4. c4 Nd7 5. e4 e5 6. Ne2 Ngf6 7. Nbc3 O-O 8. O-O
Re8 9. d5 a5 10. h3 Nc5 11. Be3 b6 12. a3 Ba6 13. b4 axb4 14. axb4 Ncd7 15. Qd3
Qe7 16. Ra4 Reb8 17. Rfa1 Bb7 18. Nb5 Rxa4 19. Rxa4 Ne8 20. Ra7 Qd8 21. Qa3 Ra8
22. Nec3 Rxa7 23. Qxa7 Qa8 24. h4 Qxa7 25. Nxa7 Bf6 26. Bh3 Nb8 27. b5 Bd8 28.
Nc6 Bxc6 29. dxc6 Kg7 30. Nd5 h6 31. Nb4 Nf6 32. f3 Ng8 33. Na6 Nxc6 34. bxc6
Ne7 35. Bd7 f5 36. Bxb6 Nxc6 37. Nxc7 Bxc7 38. Bxc7 Nd4 39. Kf2 1-0

[Event "Menchik Memorial op"]
[Site "Maidstone"]
[Date "1994.10.??"]
[Round "5"]
[White "Ward, Christopher G"]
[Black "McDonald, Neil R"]
[Result "1/2-1/2"]
[WhiteElo "2495"]
[BlackElo "2420"]
[PlyCount "89"]
[EventDate "1994.10.24"]
[EventType "swiss"]
[EventRounds "9"]
[EventCountry "ENG"]
[SourceTitle "BritBase"]
[Source "John Saunders"]
[SourceDate "2023.06.01"]
[SourceVersion "1"]
[SourceVersionDate "2023.06.01"]
[SourceQuality "1"]

1. d4 d5 2. c4 e6 3. Nc3 Be7 4. cxd5 exd5 5. Bf4 Nf6 6. e3 Bf5 7. h3 c5 8. Bb5+
Nc6 9. Nf3 O-O 10. O-O Rc8 11. dxc5 Bxc5 12. Rc1 a6 13. Bxc6 Rxc6 14. Be5 Ne4
15. Nxd5 Be6 16. Nf4 Qxd1 17. Rfxd1 Bxa2 18. Rd7 Bxe3 19. Rxc6 Bxf2+ 20. Kf1
bxc6 21. Nd2 Nxd2+ 22. Kxf2 f6 23. Bd4 Re8 24. Nh5 Bf7 25. Ng3 Nb3 26. Be3 c5
27. Ra7 Nd4 28. Rxa6 Rb8 29. b4 Bc4 30. Rd6 Rxb4 31. Bxd4 cxd4 32. Rxd4 Rb2+
33. Kg1 Ba6 34. Rf4 Kf7 35. Rf2 Rb6 36. Ne4 Bb7 37. Nc5 Bc6 38. Kh2 Rb5 39. Nd3
Be4 40. Nf4 g5 41. Nh5 Rb6 42. g4 Bg6 43. Ng3 Rb5 44. Kg2 Re5 45. Ra2 1/2-1/2

[Event "Menchik Memorial op"]
[Site "Maidstone"]
[Date "1994.10.??"]
[Round "6"]
[White "Dickenson, Neil F"]
[Black "Reuben, Stewart"]
[Result "1-0"]
[WhiteElo "2290"]
[BlackElo "2260"]
[PlyCount "95"]
[EventDate "1994.10.24"]
[EventType "swiss"]
[EventRounds "9"]
[EventCountry "ENG"]
[SourceTitle "BritBase"]
[Source "John Saunders"]
[SourceDate "2023.06.01"]
[SourceVersion "1"]
[SourceVersionDate "2023.06.01"]
[SourceQuality "1"]

1. d4 Nf6 2. c4 e6 3. Nc3 Bb4 4. e3 O-O 5. Bd3 d5 6. a3 Bxc3+ 7. bxc3 dxc4 8.
Bxc4 c5 9. Ne2 Qc7 10. Bd3 Nc6 11. O-O e5 12. Bb2 Be6 13. h3 Qb6 14. Bc1 cxd4
15. cxd4 exd4 16. Rb1 Qc7 17. exd4 Nd5 18. f4 f5 19. Bd2 Rad8 20. Qc2 Qe7 21.
Qb2 Rd7 22. Bb5 Nf6 23. Bxc6 bxc6 24. Bb4 Qd8 25. Bxf8 Qxf8 26. Qb8 Bc4 27.
Qxf8+ Kxf8 28. Rfe1 Ne4 29. Rbc1 Bd5 30. Nc3 Nxc3 31. Rxc3 Be4 32. Rc4 Ke7 33.
Rxc6 Rxd4 34. Rc7+ Rd7 35. Rxd7+ Kxd7 36. Rc1 h5 37. g3 Bc6 38. Kf2 Kd6 39. Ke3
Bg2 40. h4 Bc6 41. Kd4 Bd7 42. Rc5 a6 43. Rd5+ Ke6 44. Kc5 Bb5 45. Rd6+ Ke7 46.
Rb6 Be2 47. Kb4 Kd7 48. Rg6 1-0

[Event "Menchik Memorial op"]
[Site "Maidstone"]
[Date "1994.10.??"]
[Round "6"]
[White "Emms, John M"]
[Black "Ward, Christopher G"]
[Result "1/2-1/2"]
[WhiteElo "2535"]
[BlackElo "2495"]
[PlyCount "20"]
[EventDate "1994.10.24"]
[EventType "swiss"]
[EventRounds "9"]
[EventCountry "ENG"]
[SourceTitle "BritBase"]
[Source "John Saunders"]
[SourceDate "2023.06.01"]
[SourceVersion "1"]
[SourceVersionDate "2023.06.01"]
[SourceQuality "1"]

1. d4 d5 2. c4 e6 3. Nc3 Nf6 4. cxd5 exd5 5. Bg5 c6 6. e3 Bf5 7. Qf3 Bg6 8.
Bxf6 Qxf6 9. Qxf6 gxf6 10. Nge2 Bd6 1/2-1/2

[Event "Menchik Memorial op"]
[Site "Maidstone"]
[Date "1994.10.??"]
[Round "6"]
[White "Fenn, Paul David"]
[Black "Hunt, Adam"]
[Result "1/2-1/2"]
[WhiteElo "2160"]
[BlackElo "2205"]
[PlyCount "81"]
[EventDate "1994.10.24"]
[EventType "swiss"]
[EventRounds "9"]
[EventCountry "ENG"]
[SourceTitle "BritBase"]
[Source "John Saunders"]
[SourceDate "2023.06.01"]
[SourceVersion "1"]
[SourceVersionDate "2023.06.01"]
[SourceQuality "1"]

1. e4 c5 2. Nf3 d6 3. c3 Nf6 4. Be2 g6 5. O-O Bg7 6. Re1 O-O 7. Bf1 Nc6 8. d4
cxd4 9. cxd4 Bg4 10. d5 Ne5 11. Nbd2 Rc8 12. h3 Bxf3 13. Nxf3 Nfd7 14. Nxe5
Nxe5 15. Rb1 Qc7 16. Re2 Qc4 17. b3 Qd3 18. Bg5 f6 19. Bf4 Qxd1 20. Rxd1 Rc3
21. Be3 a6 22. f4 Nd7 23. f5 Rfc8 24. g4 Rc2 25. Rde1 Ne5 26. Rxc2 Rxc2 27. Re2
Rc3 28. Bf4 Nf7 29. Bd2 Rc8 30. Kf2 Bh6 31. Ke1 Bxd2+ 32. Kxd2 gxf5 33. exf5
Ne5 34. Re3 Rc5 35. Bg2 Kf8 36. Rc3 b6 37. b4 Rc4 38. Rxc4 Nxc4+ 39. Kc3 Ne3
40. Bf3 b5 41. Kd4 1/2-1/2

[Event "Menchik Memorial op"]
[Site "Maidstone"]
[Date "1994.10.??"]
[Round "6"]
[White "Hunt, Harriet"]
[Black "Ivanov, Alexei"]
[Result "1-0"]
[WhiteElo "2225"]
[BlackElo "2455"]
[PlyCount "75"]
[EventDate "1994.10.24"]
[EventType "swiss"]
[EventRounds "9"]
[EventCountry "ENG"]
[SourceTitle "BritBase"]
[Source "John Saunders"]
[SourceDate "2023.06.01"]
[SourceVersion "1"]
[SourceVersionDate "2023.06.01"]
[SourceQuality "1"]

1. e4 d5 2. exd5 Qxd5 3. Nc3 Qa5 4. d4 Nf6 5. Bc4 Bg4 6. Nf3 Nc6 7. Be3 O-O-O
8. h3 Bh5 9. Bb5 Nxd4 10. Bxd4 e5 11. Qd3 exd4 12. Nxd4 Bg6 13. Qc4 a6 14. Ba4
b5 15. Ndxb5 Re8+ 16. Kf1 axb5 17. Bxb5 Re6 18. Rd1 Bb4 19. Ne2 Rd8 20. Rxd8+
Kxd8 21. c3 Bd6 22. Nd4 Qb6 23. Nxe6+ fxe6 24. Ke2 Ne4 25. Rf1 Ke7 26. Qc6 Qb8
27. a4 Nc5 28. f3 Bd3+ 29. Bxd3 Qxb2+ 30. Ke3 Qxc3 31. Rd1 Bf4+ 32. Ke2 Qd4 33.
Bb5 Qe3+ 34. Kf1 Bg3 35. Qe8+ Kf6 36. Qd8+ Kg6 37. Qd2 Qe5 38. Be8+ 1-0

[Event "Menchik Memorial op"]
[Site "Maidstone"]
[Date "1994.10.??"]
[Round "6"]
[White "Lalic, Bogdan"]
[Black "McNab, Colin Anderson"]
[Result "1/2-1/2"]
[WhiteElo "2520"]
[BlackElo "2465"]
[PlyCount "43"]
[EventDate "1994.10.24"]
[EventType "swiss"]
[EventRounds "9"]
[EventCountry "ENG"]
[SourceTitle "BritBase"]
[Source "John Saunders"]
[SourceDate "2023.06.01"]
[SourceVersion "1"]
[SourceVersionDate "2023.06.01"]
[SourceQuality "1"]

1. d4 d6 2. Nf3 g6 3. c4 Nd7 4. e4 e5 5. Nc3 Bg7 6. Be2 Ngf6 7. O-O O-O 8. Be3
Qe7 9. Qc2 c6 10. Rfe1 exd4 11. Bxd4 Re8 12. h3 Ne5 13. Rad1 Bh6 14. b4 Nfd7
15. Na4 Nxf3+ 16. Bxf3 Ne5 17. Be2 Bf4 18. c5 dxc5 19. Nxc5 b6 20. Nd3 Nxd3 21.
Bxd3 Qxb4 22. Qxc6 1/2-1/2

[Event "Menchik Memorial op"]
[Site "Maidstone"]
[Date "1994.10.??"]
[Round "6"]
[White "Lauterbach, Ingrid"]
[Black "Houska, Jovanka"]
[Result "1-0"]
[WhiteElo "2155"]
[BlackElo "2015"]
[PlyCount "61"]
[EventDate "1994.10.24"]
[EventType "swiss"]
[EventRounds "9"]
[EventCountry "ENG"]
[SourceTitle "BritBase"]
[Source "John Saunders"]
[SourceDate "2023.06.01"]
[SourceVersion "1"]
[SourceVersionDate "2023.06.01"]
[SourceQuality "1"]

1. e4 d5 2. exd5 Nf6 3. d4 Nxd5 4. c4 Nf6 5. Nf3 g6 6. h3 Bg7 7. Be3 c6 8. Qd2
Bf5 9. Nc3 O-O 10. Be2 Re8 11. O-O Na6 12. a3 Rc8 13. Rad1 Nc7 14. Bh6 Bh8 15.
Nh4 Be6 16. f4 Bg7 17. f5 Bd7 18. Qg5 Bxf5 19. Nxf5 Ne6 20. Qg3 gxf5 21. Rxf5
Qc7 22. Qh4 Kh8 23. Bxg7+ Nxg7 24. Rf3 Qa5 25. c5 Ne6 26. Bd3 Nf8 27. Rdf1 Ng6
28. Bxg6 fxg6 29. Ne4 Qd8 30. Ng5 Kg8 31. Rxf6 1-0

[Event "Menchik Memorial op"]
[Site "Maidstone"]
[Date "1994.10.??"]
[Round "6"]
[White "Maskova, Jana"]
[Black "Fink Nunn, Petra"]
[Result "1-0"]
[WhiteElo "2220"]
[BlackElo "2095"]
[PlyCount "39"]
[EventDate "1994.10.24"]
[EventType "swiss"]
[EventRounds "9"]
[EventCountry "ENG"]
[SourceTitle "BritBase"]
[Source "John Saunders"]
[SourceDate "2023.06.01"]
[SourceVersion "1"]
[SourceVersionDate "2023.06.01"]
[SourceQuality "1"]

1. e4 d6 2. d4 Nf6 3. Nc3 g6 4. f4 Bg7 5. Nf3 O-O 6. Bc4 Nxe4 7. Bxf7+ Rxf7 8.
Nxe4 Rf8 9. c3 e5 10. fxe5 dxe5 11. Qb3+ Kh8 12. O-O exd4 13. Neg5 Qd7 14. Bd2
h6 15. Ne5 Qe8 16. Nef7+ Rxf7 17. Nxf7+ Kh7 18. Rae1 Qc6 19. Nxh6 Bxh6 20. Qf7+
1-0

[Event "Menchik Memorial op"]
[Site "Maidstone"]
[Date "1994.10.??"]
[Round "6"]
[White "McDonald, Neil R"]
[Black "Lalic, Susan Kathryn"]
[Result "1-0"]
[WhiteElo "2420"]
[BlackElo "2375"]
[PlyCount "61"]
[EventDate "1994.10.24"]
[EventType "swiss"]
[EventRounds "9"]
[EventCountry "ENG"]
[SourceTitle "BritBase"]
[Source "John Saunders"]
[SourceDate "2023.06.01"]
[SourceVersion "1"]
[SourceVersionDate "2023.06.01"]
[SourceQuality "1"]

1. e4 e6 2. d4 d5 3. Nc3 Nf6 4. Bg5 Be7 5. e5 Nfd7 6. Bxe7 Qxe7 7. f4 a6 8. Nf3
c5 9. Qd2 Nc6 10. dxc5 Qxc5 11. Bd3 b5 12. O-O-O Nb6 13. Kb1 Bd7 14. g4 O-O-O
15. f5 Nc4 16. Bxc4 Qxc4 17. Ng5 Rdf8 18. Nce4 Kc7 19. Nd6 Qxg4 20. Ngxf7 Rhg8
21. Rhg1 Qh5 22. Ng5 Qh6 23. Ndf7 Rxf7 24. Nxf7 Qxd2 25. Rxd2 exf5 26. Nh6 Re8
27. Rxg7 Rxe5 28. b3 f4 29. Rf7 Rh5 30. Ng4 Rf5 31. Nf6 1-0

[Event "Menchik Memorial op"]
[Site "Maidstone"]
[Date "1994.10.??"]
[Round "6"]
[White "Velicka, Petr"]
[Black "Levitt, Jonathan P"]
[Result "1/2-1/2"]
[WhiteElo "2415"]
[BlackElo "2445"]
[PlyCount "111"]
[EventDate "1994.10.24"]
[EventType "swiss"]
[EventRounds "9"]
[EventCountry "ENG"]
[SourceTitle "BritBase"]
[Source "John Saunders"]
[SourceDate "2023.06.01"]
[SourceVersion "1"]
[SourceVersionDate "2023.06.01"]
[SourceQuality "1"]

1. e4 e6 2. d4 d5 3. Nc3 Bb4 4. e5 c5 5. a3 Bxc3+ 6. bxc3 Ne7 7. Nf3 Bd7 8. a4
Qa5 9. Qd2 Nbc6 10. Bd3 f6 11. exf6 gxf6 12. O-O c4 13. Be2 Nf5 14. Ba3 O-O-O
15. Kh1 h5 16. Ng1 Rdg8 17. f4 h4 18. Bc5 Ng3+ 19. hxg3 hxg3+ 20. Nh3 Rxh3+ 21.
gxh3 g2+ 22. Kh2 gxf1=N+ 23. Bxf1 Qd8 24. Bg2 b6 25. Ba3 Ne7 26. a5 Nf5 27.
axb6 a6 28. Qe2 Qxb6 29. Bc5 Qc7 30. Qf2 Bb5 31. Rg1 Kd8 32. Bf1 Rxg1 33. Kxg1
Qg7+ 34. Kh2 Ba4 35. Be2 Nh6 36. Qe1 Qg6 37. Qb1 Bb5 38. Bb6+ Kd7 39. Qg1 Qxg1+
40. Kxg1 Nf5 41. Kf2 Ba4 42. Bd1 Ke7 43. Ba5 Kf7 44. Bg4 Ng7 45. Bd1 Be8 46.
Bd8 Kg6 47. Bg4 Bf7 48. h4 f5 49. Bf3 Kh7 50. Bf6 a5 51. Ke3 Ne8 52. Be7 Kg7
53. Kd2 Nf6 54. Kc1 Ng4 55. Bd8 a4 56. Kb2 1/2-1/2

[Event "Menchik Memorial op"]
[Site "Maidstone"]
[Date "1994.10.??"]
[Round "7"]
[White "Bronstein, David I"]
[Black "Hunt, Harriet"]
[Result "1-0"]
[WhiteElo "2440"]
[BlackElo "2225"]
[PlyCount "55"]
[EventDate "1994.10.24"]
[EventType "swiss"]
[EventRounds "9"]
[EventCountry "ENG"]
[SourceTitle "BritBase"]
[Source "John Saunders"]
[SourceDate "2023.06.01"]
[SourceVersion "1"]
[SourceVersionDate "2023.06.01"]
[SourceQuality "1"]

1. e4 c6 2. d4 d5 3. f3 e6 4. Nc3 Bb4 5. Nge2 dxe4 6. fxe4 Qh4+ 7. Ng3 Nf6 8.
e5 Ne4 9. Qd3 Nxg3 10. Qxg3 Qxd4 11. Qxg7 Bxc3+ 12. bxc3 Qxc3+ 13. Kf2 Rf8 14.
Bh6 Nd7 15. Bd3 f6 16. Rae1 b6 17. Qxh7 Qd4+ 18. Kg3 Nxe5 19. Rxe5 Qxe5+ 20.
Bf4 Qc3 21. Kh4 f5 22. Be2 Qf6+ 23. Kh3 Rf7 24. Bh5 Ke7 25. Bxf7 Qxf7 26. Bd6+
Kf6 27. Qh6+ Qg6 28. Be7+ 1-0

[Event "Menchik Memorial op"]
[Site "Maidstone"]
[Date "1994.10.??"]
[Round "7"]
[White "Fenn, Paul David"]
[Black "Lauterbach, Ingrid"]
[Result "1/2-1/2"]
[WhiteElo "2160"]
[BlackElo "2155"]
[PlyCount "105"]
[EventDate "1994.10.24"]
[EventType "swiss"]
[EventRounds "9"]
[EventCountry "ENG"]
[SourceTitle "BritBase"]
[Source "John Saunders"]
[SourceDate "2023.06.01"]
[SourceVersion "1"]
[SourceVersionDate "2023.06.01"]
[SourceQuality "1"]

1. e4 d6 2. d4 Nf6 3. Nc3 g6 4. Be3 c6 5. f3 b5 6. g4 Nbd7 7. Qd2 Qa5 8. g5 Nh5
9. d5 b4 10. dxc6 bxc3 11. cxd7+ Bxd7 12. Qxc3 Qxc3+ 13. bxc3 Bg7 14. Kd2 O-O
15. Bd3 Rfc8 16. Ne2 Rc7 17. Rab1 Be6 18. Rb2 d5 19. Rhb1 Rac8 20. Ba6 Rd8 21.
Rb8 Rcd7 22. Rxd8+ Rxd8 23. Ke1 dxe4 24. fxe4 Bxa2 25. Rb7 Be5 26. c4 Ng7 27.
Nc1 Bxc4 28. Bxc4 e6 29. h3 Bc3+ 30. Ke2 a5 31. Na2 Be5 32. Ra7 Nh5 33. Rxa5
Bc7 34. Ra7 Be5 35. Kf3 Rd1 36. Ra8+ Kg7 37. Bc5 h6 38. Bf8+ Kh7 39. Bxh6 Rh1
40. Rf8 Rxh3+ 41. Kg4 Rg3+ 42. Kh4 Rf3 43. Bd3 Bg3+ 44. Kg4 Rf4+ 45. Kh3 Rf2
46. Nc1 f5 47. gxf6 Kxh6 48. Rh8+ Kg5 49. Rxh5+ gxh5 50. Kxg3 Rxf6 51. c4 h4+
52. Kg2 Kg4 53. c5 1/2-1/2

[Event "Menchik Memorial op"]
[Site "Maidstone"]
[Date "1994.10.??"]
[Round "7"]
[White "Fink Nunn, Petra"]
[Black "Ivanov, Alexei"]
[Result "0-1"]
[WhiteElo "2095"]
[BlackElo "2455"]
[PlyCount "50"]
[EventDate "1994.10.24"]
[EventType "swiss"]
[EventRounds "9"]
[EventCountry "ENG"]
[SourceTitle "BritBase"]
[Source "John Saunders"]
[SourceDate "2023.06.01"]
[SourceVersion "1"]
[SourceVersionDate "2023.06.01"]
[SourceQuality "1"]

1. e4 e5 2. Nf3 Nc6 3. Nc3 g6 4. d4 exd4 5. Nxd4 Bg7 6. Be3 d6 7. Qd2 Nf6 8.
O-O-O O-O 9. f3 Nxd4 10. Bxd4 Be6 11. g4 c5 12. Be3 Qa5 13. Kb1 b5 14. Nd5 Qa6
15. Be2 Bxd5 16. exd5 Rae8 17. Bg5 Re5 18. Bxf6 Bxf6 19. Rhe1 Qa4 20. Bf1 Bg5
21. Qd3 Rfe8 22. Rxe5 Rxe5 23. Qxb5 Qd4 24. Qd3 Qf2 25. a4 Re3 0-1

[Event "Menchik Memorial op"]
[Site "Maidstone"]
[Date "1994.10.??"]
[Round "7"]
[White "Houska, Jovanka"]
[Black "Saljova, Silvie"]
[Result "1/2-1/2"]
[WhiteElo "2015"]
[BlackElo "2250"]
[PlyCount "55"]
[EventDate "1994.10.24"]
[EventType "swiss"]
[EventRounds "9"]
[EventCountry "ENG"]
[SourceTitle "BritBase"]
[Source "John Saunders"]
[SourceDate "2023.06.01"]
[SourceVersion "1"]
[SourceVersionDate "2023.06.01"]
[SourceQuality "1"]

1. e4 e5 2. Nf3 Nf6 3. Nxe5 d6 4. Nf3 Nxe4 5. d4 d5 6. Bd3 Be7 7. O-O Nc6 8. c4
Nb4 9. cxd5 Nxd3 10. Qxd3 Qxd5 11. Nc3 Nxc3 12. bxc3 O-O 13. c4 Qf5 14. Qxf5
Bxf5 15. Bf4 c6 16. Rfe1 Bf6 17. Be5 Rfe8 18. Bxf6 gxf6 19. Re3 Re6 20. c5 Rae8
21. Rae1 b6 22. h3 Kf8 23. Kf1 Rxe3 24. Rxe3 Rxe3 25. fxe3 Bd3+ 26. Ke1 bxc5
27. dxc5 Be4 28. Kd2 1/2-1/2

[Event "Menchik Memorial op"]
[Site "Maidstone"]
[Date "1994.10.??"]
[Round "7"]
[White "Hunt, Adam"]
[Black "McDonald, Neil R"]
[Result "0-1"]
[WhiteElo "2205"]
[BlackElo "2420"]
[PlyCount "64"]
[EventDate "1994.10.24"]
[EventType "swiss"]
[EventRounds "9"]
[EventCountry "ENG"]
[SourceTitle "BritBase"]
[Source "John Saunders"]
[SourceDate "2023.06.01"]
[SourceVersion "1"]
[SourceVersionDate "2023.06.01"]
[SourceQuality "1"]

1. e4 c5 2. Nf3 Nc6 3. d4 cxd4 4. Nxd4 e5 5. Nb5 d6 6. N1c3 a6 7. Na3 b5 8. Nd5
Nge7 9. c4 Nxd5 10. cxd5 Nd4 11. Be3 Be7 12. Bxd4 exd4 13. Qxd4 Bg5 14. Nc2 O-O
15. Bd3 Bf6 16. Qb4 a5 17. Qb3 a4 18. Qb4 a3 19. bxa3 Bxa1 20. Nxa1 Qg5 21. Kf1
f5 22. Bxb5 fxe4 23. Nb3 Bg4 24. Qxe4 Rf4 25. h4 Qf6 26. Qc2 Rf8 27. f3 Rxf3+
28. gxf3 Qxf3+ 29. Kg1 Qe3+ 30. Kg2 Bf3+ 31. Kh2 Qf4+ 32. Kh3 Qg4+ 0-1

[Event "Menchik Memorial op"]
[Site "Maidstone"]
[Date "1994.10.??"]
[Round "7"]
[White "Lalic, Susan Kathryn"]
[Black "Bibby, Simon"]
[Result "1-0"]
[WhiteElo "2375"]
[BlackElo "2275"]
[PlyCount "71"]
[EventDate "1994.10.24"]
[EventType "swiss"]
[EventRounds "9"]
[EventCountry "ENG"]
[SourceTitle "BritBase"]
[Source "John Saunders"]
[SourceDate "2023.06.01"]
[SourceVersion "1"]
[SourceVersionDate "2023.06.01"]
[SourceQuality "1"]

1. e4 e6 2. d4 d5 3. e5 c5 4. c3 Nc6 5. Nf3 Bd7 6. Be2 f6 7. O-O Qc7 8. exf6
Nxf6 9. Nbd2 cxd4 10. cxd4 Bd6 11. b3 O-O 12. Bb2 Ng4 13. h3 Nh6 14. a3 a5 15.
Bd3 Nf5 16. Re1 Bf4 17. Qc2 Qb6 18. Qc5 Qxc5 19. dxc5 e5 20. Bxe5 Nxe5 21. Nxe5
Bxd2 22. Nxd7 Bxe1 23. Nxf8 Bxf2+ 24. Kxf2 Rxf8 25. Bxf5 Rxf5+ 26. Ke3 Kf7 27.
b4 Ke6 28. b5 Re5+ 29. Kd3 Re4 30. Rc1 Kd7 31. Rf1 Rc4 32. Rf7+ Kc8 33. Rf8+
Kd7 34. c6+ bxc6 35. b6 Ke7 36. Ra8 1-0

[Event "Menchik Memorial op"]
[Site "Maidstone"]
[Date "1994.10.??"]
[Round "7"]
[White "Levitt, Jonathan P"]
[Black "Ward, Christopher G"]
[Result "1/2-1/2"]
[WhiteElo "2445"]
[BlackElo "2495"]
[PlyCount "39"]
[EventDate "1994.10.24"]
[EventType "swiss"]
[EventRounds "9"]
[EventCountry "ENG"]
[SourceTitle "BritBase"]
[Source "John Saunders"]
[SourceDate "2023.06.01"]
[SourceVersion "1"]
[SourceVersionDate "2023.06.01"]
[SourceQuality "1"]

1. d4 Nf6 2. c4 e6 3. Nc3 Bb4 4. e3 b6 5. Nge2 Ne4 6. f3 Nxc3 7. bxc3 Be7 8. e4
Nc6 9. Ng3 Ba6 10. Bd3 Na5 11. Qe2 d6 12. Be3 Qd7 13. Nf1 f5 14. Nd2 O-O 15.
O-O f4 16. Bf2 e5 17. Nb3 c5 18. Nxa5 bxa5 19. Qc2 Qc7 20. Rab1 1/2-1/2

[Event "Menchik Memorial op"]
[Site "Maidstone"]
[Date "1994.10.??"]
[Round "7"]
[White "Maskova, Jana"]
[Black "Emms, John M"]
[Result "1/2-1/2"]
[WhiteElo "2220"]
[BlackElo "2535"]
[PlyCount "121"]
[EventDate "1994.10.24"]
[EventType "swiss"]
[EventRounds "9"]
[EventCountry "ENG"]
[SourceTitle "BritBase"]
[Source "John Saunders"]
[SourceDate "2023.06.01"]
[SourceVersion "1"]
[SourceVersionDate "2023.06.01"]
[SourceQuality "1"]

1. e4 c5 2. Nf3 e6 3. d4 cxd4 4. Nxd4 a6 5. c4 Nf6 6. Nc3 Qc7 7. Bd3 Nc6 8.
Nxc6 dxc6 9. O-O e5 10. h3 Bc5 11. Na4 Bd4 12. c5 Be6 13. Bd2 O-O 14. Qc2 h6
15. Rad1 Rad8 16. Rfe1 Qe7 17. Bc4 Nd7 18. b4 Qh4 19. Re2 Bxc4 20. Qxc4 Nf6 21.
Qc2 Nh5 22. Be3 Nf4 23. Bxf4 Qxf4 24. Rd3 Rfe8 25. Nb6 Re6 26. Rf3 Qh4 27. Nc4
Rf6 28. Rxf6 Qxf6 29. Rd2 g6 30. a4 h5 31. a5 Rd7 32. Nd6 Rxd6 33. cxd6 Qxd6
34. Qc4 Qf6 35. Qe2 Qe6 36. Qd3 Qe7 37. Qc4 Qf6 38. Qe2 Qf4 39. Rc2 Qg3 40. Qd2
Qb3 41. Rc1 Kg7 42. Kh2 Kg8 43. Kg1 Kf8 44. Kh2 Ke8 45. Kg1 Kd7 46. Kf1 Kc7 47.
Kg1 Kb8 48. Kf1 Ka8 49. Kg1 Ka7 50. Kh2 f6 51. Rd1 g5 52. Rc1 Ka8 53. Rf1 Kb8
54. Rc1 Kc7 55. Kg1 h4 56. Rd1 Kb8 57. Rc1 Kc7 58. Rd1 Kb8 59. Rc1 Kc8 60. Rd1
Kc7 61. Rc1 1/2-1/2

[Event "Menchik Memorial op"]
[Site "Maidstone"]
[Date "1994.10.??"]
[Round "7"]
[White "McNab, Colin Anderson"]
[Black "Dickenson, Neil F"]
[Result "0-1"]
[WhiteElo "2465"]
[BlackElo "2290"]
[PlyCount "68"]
[EventDate "1994.10.24"]
[EventType "swiss"]
[EventRounds "9"]
[EventCountry "ENG"]
[SourceTitle "BritBase"]
[Source "John Saunders"]
[SourceDate "2023.06.01"]
[SourceVersion "1"]
[SourceVersionDate "2023.06.01"]
[SourceQuality "1"]

1. c4 g6 2. g3 Bg7 3. Bg2 e5 4. Nc3 d6 5. d3 f5 6. e4 Nf6 7. Nge2 O-O 8. O-O a5
9. exf5 gxf5 10. Bg5 c6 11. d4 Qc7 12. Qd2 Na6 13. Rad1 exd4 14. Nxd4 Nc5 15.
Rfe1 Qf7 16. Qf4 Ng4 17. Be7 Re8 18. Qxd6 Ne4 19. Nxe4 fxe4 20. Nxc6 bxc6 21.
Qxc6 Bf5 22. Bc5 Ne5 23. Qb5 Nd3 24. Re3 Bd7 25. Qb6 Rab8 26. Rxe4 Rxb6 27.
Bxb6 Ne5 28. f4 Bg4 29. Rd6 Nd7 30. c5 Rxe4 31. Bxe4 Qe7 32. Bd5+ Kh8 33. Bxa5
Qe3+ 34. Kf1 Qe2+ 0-1

[Event "Menchik Memorial op"]
[Site "Maidstone"]
[Date "1994.10.??"]
[Round "7"]
[White "Velicka, Petr"]
[Black "Lalic, Bogdan"]
[Result "1/2-1/2"]
[WhiteElo "2415"]
[BlackElo "2520"]
[PlyCount "85"]
[EventDate "1994.10.24"]
[EventType "swiss"]
[EventRounds "9"]
[EventCountry "ENG"]
[SourceTitle "BritBase"]
[Source "John Saunders"]
[SourceDate "2023.06.01"]
[SourceVersion "1"]
[SourceVersionDate "2023.06.01"]
[SourceQuality "1"]

1. e4 d5 2. exd5 Nf6 3. d4 Nxd5 4. c4 Nb6 5. Nc3 e5 6. d5 c6 7. Be3 cxd5 8. c5
d4 9. cxb6 dxe3 10. Qxd8+ Kxd8 11. bxa7 exf2+ 12. Kxf2 Bc5+ 13. Kg3 Nc6 14. Nf3
f5 15. Rd1+ Ke7 16. Nd5+ Kf8 17. h4 Rxa7 18. b4 f4+ 19. Kh2 Bf2 20. b5 Nd4 21.
Nxe5 Bg3+ 22. Kg1 Rxa2 23. Bc4 Rb2 24. Bd3 Be6 25. Nxf4 Bxf4 26. Rf1 Ne2+ 27.
Bxe2 Rxe2 28. Rxf4+ Ke7 29. Nf3 Bd5 30. Rf5 Be4 31. Re5+ Kd6 32. Kf1 Bxf3 33.
Rxe2 Bxe2+ 34. Kxe2 Re8+ 35. Kd3 Re6 36. Rc1 Rg6 37. b6 Rxg2 38. Rc7 h5 39. Ke3
Rg4 40. Rxb7 Kc6 41. Rf7 Kxb6 42. Rf5 Rxh4 43. Rg5 1/2-1/2

[Event "Menchik Memorial op"]
[Site "Maidstone"]
[Date "1994.10.??"]
[Round "8"]
[White "Dickenson, Neil F"]
[Black "Levitt, Jonathan P"]
[Result "0-1"]
[WhiteElo "2290"]
[BlackElo "2445"]
[PlyCount "58"]
[EventDate "1994.10.24"]
[EventType "swiss"]
[EventRounds "9"]
[EventCountry "ENG"]
[SourceTitle "BritBase"]
[Source "John Saunders"]
[SourceDate "2023.06.01"]
[SourceVersion "1"]
[SourceVersionDate "2023.06.01"]
[SourceQuality "1"]

1. e4 d5 2. exd5 Nf6 3. c4 c6 4. d4 cxd5 5. Nc3 e6 6. cxd5 Nxd5 7. Nf3 Nxc3 8.
bxc3 Qc7 9. Bd2 Nd7 10. Bd3 Be7 11. O-O b6 12. Re1 Bb7 13. Ng5 Nf6 14. Re3 h6
15. Rh3 Bd6 16. Qe2 O-O 17. Ne4 Bxe4 18. Bxe4 Nxe4 19. Qxe4 Rfe8 20. Re1 Rac8
21. Qg4 f5 22. Qg6 Qf7 23. Rxh6 Qxg6 24. Rxg6 Kf7 25. Rg5 g6 26. Re2 e5 27. Rg3
exd4 28. Rxe8 Rxe8 29. Rd3 Bf4 {! White resigned in view of 30 Kf1 Bxd2 31
Rxd2 dxc3 32 Rc2 Rc8 33 Ke2 ( 33 a4 a6 ) b5 34 Kd3 b4.} 0-1